Bekannte Trios und Dreiergruppen - Statistiken

Allgemein
  • Dieses Quiz wurde 260 mal gespielt
  • Das Durchschnittsergebnis liegt bei 16 aus 24
Antwortstatistiken
% Korrekt
SPD
97%
Die Grünen
96%
FDP
94%
Estland
89%
Lettland
89%
Schokolade
88%
Vanille
88%
Litauen
87%
Erdbeer
86%
Melchior
84%
Balthasar
81%
Caspar
81%
Galatasaray
69%
Fenerbahçe
64%
Justus Jonas
63%
Beşiktaş
59%
Peter Shaw
55%
Bob Andrews
53%
Farin Urlaub
49%
Bela B
40%
Luciano Pavarotti
40%
José Carreras
30%
Plácido Domingo
26%
Rod González
22%
Keine übereinstimmenden Quizze gefunden
Verteilung der Resultate
Anzahl Personen mit jedem Resultat
Perzentil nach korrekt beantworteten Fragen
Ihre Resultats-Entwicklung
Sie haben dieses Quiz noch nicht gespielt